[Event "Baku Chess Olympiad | Open"]
[Site "chess24.com"]
[Date "2016.09.04"]
[Round "3"]
[White "Lamawansa, Yasas"]
[Black "Pierre, Jn Claude"]
[Result "1-0"]
[Board "3"]
[WhiteID "9904166"]
[WhiteElo "2052"]
[WhiteCountry "SRI"]
[WhiteFideId "9904166"]
[WhiteEloChange "6"]
[BlackID "11900253"]
[BlackElo "1912"]
[BlackCountry "HAI"]
[BlackFideId "11900253"]
[BlackEloChange "-6"]

1. d4 {[%clk 1:30:58]} Nf6 {[%clk 1:30:24]} 2. c4 {[%clk 1:30:48]} e6 {[%clk
1:30:12]} 3. g3 {[%clk 1:31:10]} d5 {[%clk 1:30:06]} 4. Nf3 {[%clk 1:31:33]} Be7
{[%clk 1:30:13]} 5. Bg2 {[%clk 1:31:57]} c6 {[%clk 1:30:12]} 6. O-O {[%clk
1:31:57]} O-O {[%clk 1:30:34]} 7. Qc2 {[%clk 1:32:41]} Nbd7 {[%clk 1:30:40]} 8.
Nbd2 {[%clk 1:33:03]} Re8 {[%clk 1:31:02]} 9. e4 {[%clk 1:33:14]} dxe4 {[%clk
1:31:16]} 10. Nxe4 {[%clk 1:33:42]} Nxe4 {[%clk 1:30:06]} 11. Qxe4 {[%clk
1:34:11]} Nf6 {[%clk 1:30:14]} 12. Qc2 {[%clk 1:34:32]} c5 {[%clk 1:29:16]} 13.
Rd1 {[%clk 1:34:32]} cxd4 {[%clk 1:27:38]} 14. Nxd4 {[%clk 1:34:22]} Qb6 {[%clk
1:25:04]} 15. Nb5 {[%clk 1:02:36]} a6 {[%clk 1:13:22]} 16. Be3 {[%clk 1:01:57]}
Qa5 {[%clk 1:13:36]} 17. Nd6 {[%clk 1:00:10]} Bxd6 {[%clk 1:10:26]} 18. Rxd6
{[%clk 1:00:38]} Ng4 {[%clk 1:09:49]} 19. Bb6 {[%clk 0:58:55]} Qg5 {[%clk
1:06:20]} 20. Rad1 {[%clk 0:57:31]} e5 {[%clk 1:06:05]} 21. Qd2 {[%clk 0:52:46]}
Qxd2 {[%clk 1:06:09]} 22. R1xd2 {[%clk 0:53:02]} e4 {[%clk 1:06:30]} 23. Bxe4
{[%clk 0:50:51]} Nf6 {[%clk 1:06:43]} 24. Rd8 {[%clk 0:46:47]} Bh3 {[%clk
1:07:01]} 25. Rxa8 {[%clk 0:46:40]} Rxa8 {[%clk 1:07:29]} 26. Bxb7 {[%clk
0:46:31]} Re8 {[%clk 1:06:15]} 27. Rd8 {[%clk 0:46:44]} Rxd8 {[%clk 1:05:40]} 28.
Bxd8 {[%clk 0:47:12]} Nd7 {[%clk 1:06:00]} 29. Bxa6 {[%clk 0:44:00]} Kf8 {[%clk
1:06:22]} 30. b4 {[%clk 0:40:23]} Ke8 {[%clk 1:06:46]} 31. Ba5 {[%clk 0:40:23]}
Nb8 {[%clk 1:07:02]} 32. Bb5+ {[%clk 0:40:39]} Ke7 {[%clk 1:07:22]} 33. Bc7
{[%clk 0:40:17]} Nd7 {[%clk 1:07:41]} 34. a4 {[%clk 0:40:18]} Bg4 {[%clk
1:07:49]} 35. Kg2 {[%clk 0:39:09]} Nf8 {[%clk 1:08:02]} 36. a5 {[%clk 0:33:40]}
Bd7 {[%clk 1:08:05]} 37. Bxd7 {[%clk 0:32:43]} Kxd7 {[%clk 1:08:26]} 38. Bf4
{[%clk 0:32:40]} Ne6 {[%clk 1:08:31]} 39. a6 {[%clk 0:32:24]} Kc8 {[%clk
1:08:47]} 40. b5 {[%clk 1:01:16]} g5 {[%clk 1:38:41]} 41. Bd6 {[%clk 1:01:16]}
Nd4 {[%clk 1:38:31]} 42. b6 {[%clk 1:01:00]} Nc6 {[%clk 1:37:53]} 43. b7+ {[%clk
1:01:16]} Kd7 {[%clk 1:38:14]} 44. b8Q {[%clk 1:01:35]} Nxb8 {[%clk 1:37:48]} 45.
Bxb8 {[%clk 1:02:04]} 1-0